书目信息 |
| 题名: |
全国公共英语等级考试系列
|
|
| 作者: | 张彩霞 主编 ;蒋斌 , 杨大平 册主编 | |
| 分册: | 第四级 题型分析与仿真题精解 | |
| 出版信息: | 济南 山东科学技术出版社 2000.10 |
|
| 页数: | 258页 | |
| 开本: | 20cm | |
| 丛书名: | ||
| 单 册: | ||
| 中图分类: | H310.42 | |
| 科图分类: | ||
| 主题词: | 英语--水平考试--自学参考资料 , CT--英语 | |
| 电子资源: | ||
| ISBN: | 7-5331-2727-7 | |
| 000 | 01003nam 2200277 450 | |
| 001 | CAL 012001365719 | |
| 005 | 20060605094739.31 | |
| 010 | @a7-5331-2727-7@dCNY 15.00 | |
| 035 | @a(011001)c2001025707 | |
| 099 | @aCAL 012001365719 | |
| 100 | @a20010523d2000 em y0chiy0110 ea | |
| 101 | 0 | @achi@aeng |
| 102 | @aCN@b370000 | |
| 200 | 1 | @a全国公共英语等级考试系列@h第四级@i题型分析与仿真题精解@i第四级@f张彩霞主编@g杨大平,蒋斌册主编 |
| 210 | @a济南@c山东科学技术出版社@d2000.10 | |
| 215 | @a258页@c图@d20cm | |
| 330 | @a本册包括八套完整的模拟PETS四级试题,并对各考试题型、考项的特点做了详尽的分析,旨在帮助考生在英语技能、考试技巧和心理调适诸方面做好充分准备,以适应PETS考试。 | |
| 606 | 0 | @a英语@x水平考试@j自学参考资料 |
| 606 | 0 | @2CT@a英语 |
| 690 | @aH310.42@v4 | |
| 701 | 0 | @a张彩霞@AZhang Caixia@c(英语)@4主编 |
| 702 | 0 | @a蒋斌@AJiang Bin@c(英语)@4册主编 |
| 702 | 0 | @a杨大平@AYang Daping@4册主编 |
| 801 | 0 | @aCN@bNLC@c20060605 |
| 905 | @dH310.42@eZ0871 | |
| 906 | @dCNY 15.00@n3@r1 | |
| 全国公共英语等级考试系列.第四级.题型分析与仿真题精解.第四级/张彩霞主编/杨大平,蒋斌册主编.-济南:山东科学技术出版社,2000.10 |
| 258页:图;20cm |
| ISBN 7-5331-2727-7:CNY 15.00 |
| 本册包括八套完整的模拟PETS四级试题,并对各考试题型、考项的特点做了详尽的分析,旨在帮助考生在英语技能、考试技巧和心理调适诸方面做好充分准备,以适应PETS考试。 |
| ● |
| 相关链接 |
|
|
|
正题名:全国公共英语等级考试系列
索取号:H310.42/Z0871
 
预约/预借
| 序号 | 登录号 | 条形码 | 馆藏地/架位号 | 状态 | 备注 |
| 1 | 606816 | 206068164 | 语言库209/209语言库 98排2列6层/ [索取号:H310.42/Z0871] | 在馆 | |
| 2 | 606817 | 206068173 | 语言库209/209语言库 98排2列6层/ [索取号:H310.42/Z0871] | 在馆 | |
| 3 | 606818 | 206068182 | 语言库209/209语言库 98排2列6层/ [索取号:H310.42/Z0871] | 在馆 | |
| 4 | 606819 | 206068191 | 语言库209/209语言库 98排2列6层/ [索取号:H310.42/Z0871] | 在馆 | |
| 5 | 606820 | 206068208 | 语言库209/209语言库 98排2列6层/ [索取号:H310.42/Z0871] | 在馆 |